| 000 -LEADER |
| fixed length control field |
04337cam a2200445 i 4500 |
| 001 - CONTROL NUMBER |
| control field |
18348643 |
| 003 - CONTROL NUMBER IDENTIFIER |
| control field |
Nust |
| 005 - DATE AND TIME OF LATEST TRANSACTION |
| control field |
20180521055641.0 |
| 008 - FIXED-LENGTH DATA ELEMENTS--GENERAL INFORMATION |
| fixed length control field |
141025t20142013nyu b 001 0 eng d |
| 010 ## - LIBRARY OF CONGRESS CONTROL NUMBER |
| LC control number |
2014415643 |
| 020 ## - INTERNATIONAL STANDARD BOOK NUMBER |
| International Standard Book Number |
9780307947055 (pbk.) |
| 020 ## - INTERNATIONAL STANDARD BOOK NUMBER |
| International Standard Book Number |
030794705X (pbk.) |
| 020 ## - INTERNATIONAL STANDARD BOOK NUMBER |
| Canceled/invalid ISBN |
9780307961105 (ebook) |
| 035 ## - SYSTEM CONTROL NUMBER |
| System control number |
(OCoLC)ocn853244456 |
| 040 ## - CATALOGING SOURCE |
| Original cataloging agency |
YDXCP |
| Language of cataloging |
eng |
| Description conventions |
rda |
| Transcribing agency |
YDXCP |
| Modifying agency |
BTCTA |
| -- |
BDX |
| -- |
MLY |
| -- |
TAMCT |
| -- |
J2H |
| -- |
CHVBK |
| -- |
OCLCO |
| -- |
DLC |
| 042 ## - AUTHENTICATION CODE |
| Authentication code |
lccopycat |
| 050 00 - LIBRARY OF CONGRESS CALL NUMBER |
| Classification number |
HM851 |
| Item number |
.S264 2014 |
| 082 04 - DEWEY DECIMAL CLASSIFICATION NUMBER |
| Classification number |
303.4833 |
| Author Mark |
COH |
| 100 1# - MAIN ENTRY--PERSONAL NAME |
| Personal name |
Schmidt, Eric, |
| Dates associated with a name |
1955 April 27- |
| 9 (RLIN) |
10375 |
| 245 14 - TITLE STATEMENT |
| Title |
The new digital age : |
| Remainder of title |
transforming nations, businesses, and our lives / |
| Statement of responsibility, etc. |
Eric Schmidt and Jared Cohen. |
| 250 ## - EDITION STATEMENT |
| Edition statement |
First Vintage Books Edition. |
| 260 ## - PUBLICATION, DISTRIBUTION, ETC. |
| Place of publication, distribution, etc. |
UK: |
| Name of publisher, distributor, etc. |
John Murray, |
| Date of publication, distribution, etc. |
2014 |
| 300 ## - PHYSICAL DESCRIPTION |
| Extent |
351 pages ; |
| Dimensions |
21 cm |
| 500 ## - GENERAL NOTE |
| General note |
"With a new afterword"--Cover. |
| 504 ## - BIBLIOGRAPHY, ETC. NOTE |
| Bibliography, etc. note |
Includes bibliographical references (pages 285-337) and index. |
| 505 0# - FORMATTED CONTENTS NOTE |
| Formatted contents note |
Introduction -- Our Future Selves -- The Future of Identity, Citizenship and Reporting -- The Future of States -- The Future of Revolution -- The Future of Terrorism -- The Future of Conflict, Combat and Intervention -- The Future of Reconstruction -- Conclusion -- Afterword. |
| 520 ## - SUMMARY, ETC. |
| Summary, etc. |
In collaboration, two leading global thinkers from in technology and foreign affairs from Google give readers their widely anticipated, transformational vision of the future: a world where everyone is connected, a world full of challenges and benefits that are ours to meet and to harness. With their combined knowledge and experiences, the authors are uniquely positioned to take on some of the toughest questions about our future: Who will be more powerful in the future, the citizen or the state? Will technology make terrorism easier or harder to carry out? What is the relationship between privacy and security, and how much will we have to give up to be part of the new digital age? In this they combine observation and insight to outline the promise and peril awaiting us in the coming decades. This is a forward-thinking account of where our world is headed and what this means for people, states and businesses. With the confidence and clarity of visionaries, the authors illustrate just how much we have to look forward to, and beware of, as the greatest information and technology revolution in human history continues to evolve. On individual, community and state levels, across every geographical and socioeconomic spectrum, they reveal the dramatic developments both good and bad, that will transform both our everyday lives and our understanding of self and society, as technology advances and our virtual identities become more and more fundamentally real. As their nuanced vision of the near future unfolds, an urban professional takes his driverless car to work, attends meetings via hologram and dispenses housekeeping robots by voice; a Congolese fisherwoman uses her smart phone to monitor market demand and coordinate sales (saving on costly refrigeration and preventing overfishing); the potential arises for "virtual statehood" and "Internet asylum" to liberate political dissidents and oppressed minorities, but also for tech-savvy autocracies (and perhaps democracies) to exploit their citizens' mobile devices for ever more ubiquitous surveillance. Along the way, we meet a cadre of international figures, including Julian Assange, who explain their own visions of our technology-saturated future. This book is an analysis of how our hyper-connected world will soon look. |
| 650 #0 - SUBJECT ADDED ENTRY--TOPICAL TERM |
| Topical term or geographic name entry element |
Digital media |
| General subdivision |
Social aspects |
| -- |
Forecasting. |
| 9 (RLIN) |
10376 |
| 650 #0 - SUBJECT ADDED ENTRY--TOPICAL TERM |
| Topical term or geographic name entry element |
Digital media |
| General subdivision |
Political aspects |
| -- |
Forecasting. |
| 9 (RLIN) |
10377 |
| 650 #0 - SUBJECT ADDED ENTRY--TOPICAL TERM |
| Topical term or geographic name entry element |
Digital electronics |
| General subdivision |
Social aspects |
| -- |
Forecasting. |
| 9 (RLIN) |
10378 |
| 650 #0 - SUBJECT ADDED ENTRY--TOPICAL TERM |
| Topical term or geographic name entry element |
Digital electronics |
| General subdivision |
Political aspects |
| -- |
Forecasting. |
| 9 (RLIN) |
10379 |
| 650 #0 - SUBJECT ADDED ENTRY--TOPICAL TERM |
| Topical term or geographic name entry element |
Information technology |
| General subdivision |
Social aspects |
| -- |
Forecasting. |
| 9 (RLIN) |
10380 |
| 650 #0 - SUBJECT ADDED ENTRY--TOPICAL TERM |
| Topical term or geographic name entry element |
Information technology |
| General subdivision |
Political aspects |
| -- |
Forecasting. |
| 9 (RLIN) |
10381 |
| 650 #0 - SUBJECT ADDED ENTRY--TOPICAL TERM |
| Topical term or geographic name entry element |
Computers and civilization |
| General subdivision |
Forecasting. |
| 9 (RLIN) |
10382 |
| 650 #0 - SUBJECT ADDED ENTRY--TOPICAL TERM |
| Topical term or geographic name entry element |
Technology and civilization |
| General subdivision |
Forecasting. |
| 9 (RLIN) |
10383 |
| 700 1# - ADDED ENTRY--PERSONAL NAME |
| Personal name |
Cohen, Jared, |
| Dates associated with a name |
1981- |
| 9 (RLIN) |
10384 |
| 906 ## - LOCAL DATA ELEMENT F, LDF (RLIN) |
| a |
7 |
| b |
cbc |
| c |
copycat |
| d |
2 |
| e |
ncip |
| f |
20 |
| g |
y-gencatlg |
| 942 ## - ADDED ENTRY ELEMENTS (KOHA) |
| Source of classification or shelving scheme |
|
| Koha item type |
Book |